000 00573nam a2200229Ia 4500
003 OSt
005 20231012144212.0
008 210210b1987 xxu||||| |||| 00| 0 eng d
020 _a81 7133 098 3
040 _cAL
041 _aEnglish
082 _a592 KOTM
100 _aKOTPAL (R L) and others.
_9137754
245 _aModern textbook of zoology invertebrates
250 _a6
260 _aMeerut
_bRastogi Publications
_c1987
300 _axii,648
650 _aInvertebrate Zoology
_9137755
690 _aZoology
_9137756
906 _a045691
942 _2ddc
_cBK
999 _c95055
_d95055